00791nam a2200217 a 4500001001000000003000500010005001700015008004100032010001100073011001100084040000900095100003100104245011500135260004100250500006000291502006900351650003300420650002600453650002400479856007000503000116253CHAP20220329144607.0191014s2019 mx a |sm |||||||spa d a112714 a113686 cCHAP1 aMorales Carrasco, Lorenzo.10aDiagnostico de la fertilidad del suelo en Benito Juarez, Tlaxcalah[En línea]cpor Lorenzo Morales Carrasco. aChapingo, Méx. :bEl autor,c2019. aPara ver el contenido del material haga clic en la liga aTesis (Ing. Agr. Esp. en Suelos) -- UACH. Departamento de Suelos14aFertilizantesxAplicación.14aSuelos y nutrición.14aSuelosxFertilidad. aFinding aiduhttp://10.13.5.2/tesis/sist116253.pdfzTeclea aquí